|
|
|
|
| LEADER |
01024pam a22002418a 4500 |
| 001 |
00000113 |
| 005 |
20171026081022.0 |
| 008 |
110316s1985 ||||||Viesd |
| 041 |
0 |
# |
|a Vie
|
| 082 |
1 |
4 |
|a 910.71
|b C316T
|
| 110 |
1 |
# |
|a Khoa thư viện
|b Trường Đại học Tổng hợp
|
| 245 |
0 |
0 |
|a Công tác địa chí của khoa Thư Viện
|b Tài liệu tham khảo
|c Nguyễn thế Đức, Đỗ Hữu Dzư Dịch
|
| 260 |
# |
# |
|a TP.HCM
|b Đại học Tổng Hợp
|c 1985
|
| 300 |
# |
# |
|a 129 tr.
|c 30 cm.
|
| 500 |
# |
# |
|a Ngoài bìa ghi Công tác địa chí của thư viện tỉnh
|
| 653 |
# |
# |
|a Địa chí, giáo trình
|
| 700 |
0 |
# |
|a Nguyễn Thế Đức
|e Người dịch
|
| 700 |
0 |
# |
|a Đỗ Hữu Dzư
|e Người dịch
|
| 710 |
|
|
|a Trường Đại học Tổng hợp TP HCM
|
| 852 |
# |
# |
|b Kho đọc
|j KD.0000146
|
| 852 |
# |
# |
|j KD.0000146
|
| 910 |
|
|
|d 16/03/2011
|
| 980 |
# |
# |
|a Trung tâm Học liệu Lê Vũ Hùng, Trường Đại học Đồng Tháp
|